000 01364cam a22004694i 4500
003 PE-LiUPU
005 20250731184522.0
008 150617s r 000 0 d
040 _aPE-LiUPU
_bspa
_cPE-LiUPU
_erda
049 _aPRUA
082 0 4 _a985.0092
_bC569c
_223
100 1 _aCieza de León, Pedro de,
_d1522-1554
_eautor.
245 1 0 _aCrónica del Perú :
_bsegunda parte /
_cPedro Cieza de León.
264 1 _aLima :
_bPontificia Universida Católica del Perú,
_c1985.
300 _a238 páginas ;
_c22 centímetros.
336 _atext
_2rdacontent
337 _aunmediated
_2rdamedia
338 _avolume
_2rdacarrier
490 0 _a(Clásicos peruanos)
504 _aNotas bibliográficas.
505 0 _aCrónica del Perú; segunda parte.
526 _aP136
526 _aP135
526 _aP134
526 _aP133
526 _aP144
526 _aP143
526 _aP87
526 _aP35
526 _aP20
526 _aP14
526 _aP10
526 _aP06
650 1 4 _aCrónicas
_zPerú.
_94481
650 2 4 _aCronistas españoles (Cieza de León).
_94482
651 2 4 _aPerú
_xHistoria
_yÉpoca Incaica
_vFuentes.
_94483
651 2 4 _aPerú
_xHistoria
_yDescubrimiento y conquista.
_94484
910 _ajck
942 _2ddc
_cBK
980 _81
_gALBERTO SANCHEZ Responsable de Automatización
999 _c18477
_d18477